Gesture-based communication in human-computer interaction : 5th International Gesture Workshop, GW 2003 : Genova, Italy, April 2003 : selected revised papers /

Bibliographic Details
Corporate Author: Gesture Workshop Genoa, Italy
Other Authors: Camurri, Antonio, 1959-, Volpe, Gualtiero, 1974-
Format: Conference Proceeding eBook
Language:English
Published: Berlin ; New York : Springer, [2004]
Series:Lecture notes in computer science ; 2915.
Lecture notes in computer science. Lecture notes in artificial intelligence.
Subjects:
Online Access:http://www.springerlink.com/openurl.asp?genre=issue&issn=0302-9743&volume=2915

MARC

Tag First Indicator Second Indicator Subfields
LEADER 00000pam a22000004a 4500
001 in00001848421
005 20151026075949.0
007 cr un---------
008 040220s2004 nyua b 101 0 eng
010 |a  2004045240 
019 |a 54895266 
020 |a 3540210725 (softcover : alk. paper) 
035 |a (OCoLC)ocm54499994 
040 |a DLC  |c DLC  |d C$Q  |d TXA  |d UtOrBLW 
042 |a pcc 
049 |a TXAM 
050 0 0 |a QA76.9.H85  |b G473 2003 
082 0 0 |a 006  |2 22 
111 2 |a Gesture Workshop  |n (5th :  |d 2003 :  |c Genoa, Italy) 
245 1 0 |a Gesture-based communication in human-computer interaction :  |b 5th International Gesture Workshop, GW 2003 : Genova, Italy, April 2003 : selected revised papers /  |c Antonio Camurri, Gualtiero Volpe (eds.). 
264 1 |a Berlin ;  |a New York :  |b Springer,  |c [2004] 
264 4 |c ©2004 
300 |a xiii, 558 pages :  |b illustrations ;  |c 24 cm. 
336 |a text  |b txt  |2 rdacontent 
337 |a computer  |b c  |2 rdamedia 
338 |a online resource  |b cr  |2 rdacarrier 
490 1 |a Lecture notes in computer science,  |x 0302-9743 ;  |v 2915.  |a Lecture notes in artificial intelligence 
504 |a Includes bibliographical references and index. 
530 |a Also available via the World Wide Web. 
650 0 |a Human-computer interaction  |v Congresses. 
650 0 |a Gesture  |v Congresses. 
650 0 |a Sign language  |v Congresses. 
700 1 |a Camurri, Antonio,  |d 1959- 
700 1 |a Volpe, Gualtiero,  |d 1974- 
830 0 |a Lecture notes in computer science ;  |v 2915. 
830 0 |a Lecture notes in computer science.  |p Lecture notes in artificial intelligence. 
856 4 1 |u http://www.springerlink.com/openurl.asp?genre=issue&issn=0302-9743&volume=2915  |t 0 
948 |a cataloged  |b h  |c 2004/7/21  |d c  |e blrosas  |f 9:42:13 am 
994 |a E0  |b TXA 
999 |a MARS 
999 f f |s 3692f38f-91b9-36b4-84a6-d117fc1ab4aa  |i 18f31703-a199-3d85-9336-5450405ab028  |t 0 
952 f f |p ric  |a Texas A&M University  |b Rellis Campus  |c Joint Library Facility  |d Remote Storage  |t 0  |e QA76.9.H85 G473 2003  |h Library of Congress classification  |i computer -- online resource  |m A14832002734 
998 f f |a QA76.9.H85 G473 2003  |t 0  |l Remote Storage